Income disparity among persons with disabilities, assessed by education and sex: accentuated gender difference found in metro Manila, the Philippines /
Gorde:
| Egile nagusia: | |
|---|---|
| Beste egile batzuk: | , , , |
| Formatua: | Liburua |
| Hizkuntza: | English |
| Etiketak: |
Etiketa erantsi
Etiketarik gabe, Izan zaitez lehena erregistro honi etiketa jartzen!
|
MARC
| LEADER | 00000nam a22000007a 4500 | ||
|---|---|---|---|
| 003 | cru CIDCACS/IIS | ||
| 005 | 20171214141047.0 | ||
| 007 | ta | ||
| 008 | 171214s2015 ja |||p|r||||||0| ||eng|d | ||
| 999 | |c 40748 |d 40748 | ||
| 040 | |c cru CIDCACS/IIS | ||
| 100 | 1 | |9 6254 |a Albert, José Ramón | |
| 245 | 1 | |a Income disparity among persons with disabilities, assessed by education and sex: |b accentuated gender difference found in metro Manila, the Philippines / |c José Ramón Albert, Soya Mori, Celia Reyes, Aubrey D. Tabuga, Tatsufumi Yamagata | |
| 300 | |a páginas 289-302: |b tablas | ||
| 700 | 1 | |9 6255 |a Mori, Soya | |
| 700 | 1 | |9 6256 |a Reyes, Celia | |
| 700 | 1 | |9 6257 |a Tabuga, Aubrey D. | |
| 700 | 1 | |9 6259 |a Yamagata, Tatsufumi | |
| 773 | 0 | |0 19189 |9 1704 |a Institute of Developing Economies |d Tokio: IDE-JETRO |o 18383 |t The Developing Economies / |x 00121533 | |
| 942 | |2 ddc |c PP | ||
